Introduzione alla Filosofia del Diritto. Ad uso degli studenti.
محفوظ في:
| المؤلف الرئيسي: | |
|---|---|
| التنسيق: | كتاب |
| اللغة: | الإنجليزية |
| منشور في: |
Torino, Italia:
G. Giappichelli,
1948.
|
| سلاسل: | Corsi Universitari.
|
| الموضوعات: | |
| الوسوم: |
إضافة وسم
لا توجد وسوم, كن أول من يضع وسما على هذه التسجيلة!
|
MARC
| LEADER | 00000nam a22000007a 4500 | ||
|---|---|---|---|
| 003 | CL-VaPUC | ||
| 005 | 20220822114426.0 | ||
| 008 | 220307t1948 ||||| |||| 00| 0 eng d | ||
| 999 | |c 434736 |d 434734 | ||
| 040 | |c Pontificia Universidad Católica de Valparaíso | ||
| 082 | 7 | |a 340.1 BOB 1948 |2 22 | |
| 100 | |a Bobbio, Norberto |e autor |9 257371 | ||
| 245 | |a Introduzione alla Filosofia del Diritto. |b Ad uso degli studenti. | ||
| 260 | |a Torino, Italia: |b G. Giappichelli, |c 1948. | ||
| 300 | |a 205 páginas. | ||
| 490 | |a Corsi Universitari. | ||
| 500 | |a c.1 Donación Familia Prof. Alejandro Guzmán Brito. | ||
| 583 | |c 20220307 |k Yessy Stephany Diaz Vidal | ||
| 650 | |a Filosofía del derecho |9 255050 | ||
| 942 | |2 ddc |c BK |n 0 | ||
| 952 | |0 0 |1 0 |2 ddc |4 0 |6 340_100000000000000_BOB_1948 |7 0 |8 C_AGB |9 581736 |a BIBDER |b BIBDER |d 2022-03-07 |e Donación |i 5649838 |o 340.1 BOB 1948 |p 5649838 |r 2023-01-25 |t 1 |w 2022-03-07 |y BK_US |k AGB | ||